|
|
|
|
| LEADER |
00000nam0a2200000 4500 |
| 001 |
323758 |
| 005 |
20231102003612.0 |
| 010 |
|
|
|a 9789855035474
|
| 035 |
|
|
|a (RuTPU)RU\TPU\book\349345
|
| 090 |
|
|
|a 323758
|
| 100 |
|
|
|a 20161027d2016 m y0rusy50 ca
|
| 101 |
0 |
|
|a rus
|
| 102 |
|
|
|a BY
|
| 105 |
|
|
|a a j 001zy
|
| 200 |
1 |
|
|a Токарная и фрезерная обработка. Программирование системы ЧПУ HAAS в примерах
|e пособие
|f А. О. Дулькевич
|
| 210 |
|
|
|a Минск
|c Изд-во РИПО
|d 2016
|
| 215 |
|
|
|a 71 с.
|c ил.
|
| 320 |
|
|
|a Библиогр.: с. 68
|
| 330 |
|
|
|a Пособие содержит примеры управляющих программ для работы на станках с ЧПУ HAAS. Для токарной обработки приведено 22 примера, для фрезерной — 31. Предлагаются задания для самопроверки знаний. Пособие содержит рисунки, чертежи и иллюстрации, помогающие учащимся изучать материал.Предназначено для учащихся учреждений профессионально-технического образования по специальности «Механическая обработка металла на станках и линиях» (квалификация «Оператор станков с программным управлением») и среднего специального образования по специальностям «Технологическая подготовка и наладка станков и манипуляторов с программным управлением», «Техническая эксплуатация оборудования», «Мехатроника (машиностроение)».
|
| 606 |
1 |
|
|a Металлорежущие станки
|x Программное управление
|x Подготовка
|x Математическое обеспечение
|x Микропроцессорные системы
|2 stltpush
|3 (RuTPU)RU\TPU\subj\42640
|9 62299
|
| 610 |
1 |
|
|a станки с ЧПУ
|
| 610 |
1 |
|
|a станки с программным управлением
|
| 610 |
1 |
|
|a примеры
|
| 610 |
1 |
|
|a токарная обработка
|
| 610 |
1 |
|
|a токарные станки с ЧПУ
|
| 610 |
1 |
|
|a фрезерные станки с ЧПУ
|
| 610 |
1 |
|
|a фрезерная обработка
|
| 610 |
1 |
|
|a учебные пособия
|
| 675 |
|
|
|a 621.9.06-529:681.3(075.32)
|v 4
|
| 700 |
|
1 |
|a Дулькевич
|b А. О.
|g Андрей Олегович
|
| 801 |
|
1 |
|a RU
|b 63413507
|c 20161027
|
| 801 |
|
2 |
|a RU
|b 63413507
|c 20161108
|g RCR
|
| 900 |
|
|
|a Технологическое оборудование с ЧПУ
|
| 942 |
|
|
|c BK
|